Új tantervet kapott a népiskola

Elmentve itt :
Bibliográfiai részletek
Szerző: Jankovits Miklós
Dokumentumtípus: Cikk
Megjelent: 1942
Sorozat:Magyar pedagógia : a Magyar Tudományos Akadémia Pedagógiai Bizottságának folyóirata 51
Kulcsszavak:Népiskola tanterv Magyarország 1941
Online Access:http://misc.bibl.u-szeged.hu/11577
LEADER 00666nab a2200181 i 4500
001 misc11577
005 20191106141925.0
008 170607s1942 hu o 0|| hun d
022 |a 0025-0260 
040 |a SZTE Miscellanea Repozitórium  |b hun 
041 |a hun 
100 1 |a Jankovits Miklós 
245 1 0 |a Új tantervet kapott a népiskola  |h [elektronikus dokumentum] /  |c  Jankovits Miklós 
260 |c 1942 
300 |a 181-183 
490 0 |a Magyar pedagógia : a Magyar Tudományos Akadémia Pedagógiai Bizottságának folyóirata  |v 51 
695 |a Népiskola tanterv Magyarország 1941 
856 4 0 |u http://misc.bibl.u-szeged.hu/11577/1/mp_1942_181-183.pdf  |z Dokumentum-elérés